00839nam a22002295a 450000500170000000800410001701000140005802000260007203500130009803700150011104000180012608200130014410000260015724500760018325000120025926000320027127000810030330000350038494200270041999900170044695201460046320090415101522.0090415s2009 ncu 000 0 eng  aENG-93342 a9788189975586c195.00 aEN-76875 bDBAD / PUB adplbEnglish  a641.5622 aRadhakrishna, Sabita  aKids' kitchen:cby Sabita Radhakrishna bfun recipes for little chefs / a1st ed. aNew Delhi bWestland c2009 aF-5, Oklha Industrial Area, Phase - I, Mezzanine Floor, bNew Delhi e110020 axxi, 131p.:bill.c19cm (pbk)  2ddccENh641.5622mRAD c25975d25975 00102ddc40718NFICaDBADbDBADd2009-04-30eDBAD / PUBg195.00l0o641.5622 RADpEN-76875r2009-04-30 00:00:00t1v195.00w2009-04-30yEN